|
|
|
|
| LEADER |
00000nam a22000007a 4500 |
| 005 |
20201117220650.0 |
| 007 |
cr|||| |||| |
| 008 |
201117s2019 br |||||s|||| 00||0 por d |
| 020 |
|
|
|a 978-85-8310-112-3
|
| 035 |
|
|
|a 32296
|
| 040 |
|
|
|a vLex
|
| 090 |
|
|
|c 10879
|d 10879
|
| 100 |
1 |
|
|a de Oliveira Macedo Carneiro Pacobahyba, Fernanda Mara
|
| 245 |
1 |
0 |
|a Constructivismo lg̤ico-semńtico, entre o passado e o futuro
|h [Recurso electrn̤ico] /
|c Fernanda Mara de Oliveira Macedo Carneiro Pacobahyba
|
| 256 |
|
|
|a Servicio en ln̕ea
|
| 260 |
|
|
|a San Pablo:
|b Editora Noeses,
|c 2019
|
| 300 |
|
|
|a 1 recurso electrn̤ico
|
| 506 |
1 |
|
|a Disponible solo en los productos indicados
|d vLex Global
|d vLex Global (Academic Edition, excluding Law Schools)
|d vLex Global (U.S. Academic Edition, Law Schools)
|d vLex Global (U.S. Academic Edition, excluding Law Schools)
|d vLex Global (Academic Edition, Law Schools)
|
| 650 |
0 |
4 |
|a Ciencias sociales
|z Brasil
|
| 740 |
0 |
|
|a vLex Libros (Servicio en ln̕ea)
|
| 856 |
4 |
0 |
|u http://vlex.com/source/constructivismo-logico-sem-ntico-entre-passado-futuro-32296
|z Acceso restringido
|
| 942 |
|
|
|c BOOK
|
| 999 |
0 |
|
|a Social Sciences
|